Giannis Antetokounmpo Trivia - Statistics

General Stats
  • This quiz has been taken 294 times
  • The average score is 11 of 15
Answer Stats
Question Answer % Correct
How many finals has he won? 1
94%
How many MVP awards has he accumulated? 2
93%
How many brothers does he have? 4
92%
What team does he play for? Milwaukee Bucks
91%
What year was he drafted into the NBA? 2013
89%
What number does Antetokounmpo wear? 34
89%
What year(s) did he win the finals? 2021
87%
How old is the Greek Freak? 27
84%
What overall pick was he in the draft? 15
82%
How tall is Giannis? 6'11
81%
Which brother is on the same team as Giannis? Thanasis
79%
What position does he play? Power Forward
75%
Where was Giannis born? Athens, Greece
39%
What is his favorite snack? Oreos
39%
What is his birthday? December 6, 1994
27%
No matching quizzes found
Score Distribution
Percent of People with Each Score
Percentile by Number Answered
Your Score History
You have not taken this quiz